Macroeconomics

Saved in:
Bibliographic Details
Main Author: Dornbusch, Rudiger
Other Authors: Fischer, Stanley
Format: Book
Language:English
Published: New York : McGraw-Hill, c1984
Edition:3rd ed.
Subjects:
Tags: Add Tag
No Tags, Be the first to tag this record!

MARC

LEADER 00000cam a2200000 i 4500
001 1/56337
008 960209s1984 eng d
020 |a 0-07-017770-8 
035 |l 10028006 
040 |a GR-MY-UA  |b gre  |e aacr 
041 0 |a eng 
082 0 |a 339 DOR 
100 1 |a Dornbusch, Rudiger. 
245 1 0 |a Macroeconomics /  |c Rudiger Dornbusch, Stanley Fischer 
250 |a 3rd ed. 
260 |a New York :   |b McGraw-Hill,   |c c1984 
300 |a xi, 723 σ.  |b διαγρ. 
504 |a Περιλαμβάνει βιβλιογραφία και ευρετήριο 
650 0 0 |a Macroeconomics. 
700 1 |a Fischer, Stanley. 
852 |a INST  |b CHIOS  |e 19960209  |h 339 DOR  |p 005200005196  |q 005200005196  |t BK  |y 0 
909 |a Χ  |b 000612 
922 |a 2ΕΛΗ  |b 198510 
970 |a ΣΑΛΑΜΟΥΡΑ  |b ΜΑΡΙΑ  |z 2000/06/20